Signification d'Acronymes - Statistiques

Statistiques générales
  • Ce quiz a été pris 313 fois
  • Le résultat moyen est 9 sur 14
Statistiques - réponses
Question Réponse % Correct
MDR Mort de rire
99%
VIP Very Important Person
97%
EDF Électricité de France
83%
CAF Caisse d'Allocations Familiales
79%
ADN Acide DésoxyriboNucléique
75%
FMV Full-motion video
70%
NASA National Aeronautics and Space Administration
68%
LOL Laughing out loud
65%
BMW Bayerische Motoren Werke
64%
SNCF Société Nationale des Chemins de fer Français
53%
LMAO Laughing my ass off
51%
PET Polytéréphtalate d'éthylène
43%
PVC Polychlorure de vinyle
39%
CAC (dans CAC 40) Cotation assistée en continu
31%
Aucun quiz correspondant
Distribution des résultats
% des personnes avec chaque résultat
Percentile par nombre de réponses
Votre historique - résultats
Vous n’avez pas pris ce quiz